in time and space

Збережено в:
Бібліографічні деталі
Автор: FESTUS, Samuel Okotie-Eboh
Формат: Книга
Мова:Англійська
Опубліковано: 2016
Теги: Додати тег
Немає тегів, Будьте першим, хто поставить тег для цього запису!

MARC

LEADER 00000nam a22000007a 4500
008 201218b ||||| |||| 00| 0 eng d
020 |a : 978-978-845760-2 
100 |a FESTUS, Samuel Okotie-Eboh 
245 |a in time and space   |c Okotie-Eboh, Festus Samuel 
250 |b 2nd  |c Akinjide Osuntokun 
260 |c 2016  |h Ibadan  |i 691907 – Afr., 691908 – Art.691909, 691910, 691911, 691912  |l DT515.9 .F42 
942 |a lcc  |c BK  |e ogunleye 
952 |0 0  |1 0  |2 lcc  |4 0  |6 DT05159 F42  |7 0  |9 830  |a HOL  |b AC  |d 2020-12-18  |l 0  |o DT515.9 .F42  |p 2020-230046  |r 2020-12-18 00:00:00  |w 2020-12-18  |y BK 
952 |0 0  |1 0  |2 lcc  |4 0  |6 DT05159 F42  |7 0  |9 831  |a HOL  |b ART  |d 2020-12-18  |l 0  |o DT515.9 .F42  |p 2020-230047  |r 2020-12-18 00:00:00  |w 2020-12-18  |y BK 
952 |0 0  |1 0  |2 lcc  |4 0  |6 DT05159 F42  |7 0  |9 833  |a HOL  |b HOL  |d 2020-12-18  |l 0  |o DT515.9 .F42  |r 2020-12-18 00:00:00  |w 2020-12-18  |y BK 
952 |0 0  |1 0  |2 lcc  |4 0  |6 DT05159 F42  |7 0  |9 834  |a HOL  |b HOL  |d 2020-12-18  |l 0  |o DT515.9 .F42  |p 2020-230049  |r 2020-12-18 00:00:00  |w 2020-12-18  |y BK 
952 |0 0  |1 0  |2 lcc  |4 0  |6 DT05159 F42  |7 0  |9 835  |a HOL  |b HOL  |d 2020-12-18  |l 0  |o DT515.9 .F42  |p 2020-230050  |r 2020-12-18 00:00:00  |w 2020-12-18  |y BK 
952 |0 0  |1 0  |2 lcc  |4 0  |6 DT05159 F42  |7 0  |9 836  |a HOL  |b HOL  |d 2020-12-18  |l 0  |o DT515.9 .F42  |p 2020-230051  |r 2020-12-18 00:00:00  |w 2020-12-18  |y BK 
999 |c 468  |d 468